El archiduque Maximiliano de Austria en Méjico (Record no. 166475)
[ view plain ]
| 000 -LEADER | |
|---|---|
| campo de control de longitud fija | 01246nam a2200217 i 4500 |
| 001 - NÚMERO DE CONTROL | |
| campo de control | 166475 |
| 003 - IDENTIFICADOR DE NÚMERO DE CONTROL | |
| campo de control | ES-MaACL |
| 005 - FECHA Y HORA DE LA ÚLTIMA TRANSACCIÓN | |
| campo de control | 20230906213337.0 |
| 008 - DATOS DE LONGITUD FIJA--INFORMACIÓN GENERAL | |
| campo de control de longitud fija | 011015s1867 sp af |||| | spa d |
| 040 ## - FUENTE DE CATALOGACIÓN | |
| Centro catalogador/agencia de origen | CCPB | B |
| Lengua de catalogación | spa |
| Centro/agencia transcriptor | CCPB | B |
| 100 1# - ENTRADA PRINCIPAL--NOMBRE DE PERSONA | |
| Nombre de persona | Torres, Martín de las. |
| 9 (RLIN) | 133339 |
| 245 13 - MENCIÓN DEL TÍTULO | |
| Título | El archiduque Maximiliano de Austria en Méjico |
| Resto del título | : historia de los acontecimientos ocurridos en el territorio de Méjico, desde que los españoles desembarcaron en Veracruz formando alianza con los franceses e ingleses, hasta la muerte del infortunado Emperador Maximiliano I / |
| Mención de responsabilidad, etc. | por Martín de las Torres. |
| 260 ## - PUBLICACIÓN, DISTRIBUCIÓN, ETC. | |
| Lugar de publicación, distribución, etc. | Madrid : |
| Nombre del editor, distribuidor, etc. | Librería de D.A. de San Martín ; |
| Lugar de publicación, distribución, etc. | Barcelona : |
| Nombre del editor, distribuidor, etc. | Librería de El Plus Ultra, |
| Fecha de publicación, distribución, etc. | 1867 ( |
| Lugar de fabricación/manufactura | Barcelona : |
| Fabricante | imprenta de Luis Tasso) |
| 300 ## - DESCRIPCIÓN FÍSICA | |
| Extensión | 791 p., [21] h. de lám., [1] mapa pleg. ; |
| Dimensiones | 24 cm. |
| 530 ## - NOTA DISPONIBLE DE FORMULARIO FÍSICO ADICIONAL | |
| Nota de formato físico adicional disponible | Disponible en formato digital. |
| 599 ## - NOTA A LAS ILUSTRACIONES | |
| NOTA A LAS ILUSTRACIONES | Las h. de lám.: "Padró y Artigas, Sadurni y Padró, Urrabieta y Carnicero ... " |
| 600 14 - PUNTO DE ACCESO ADICIONAL DE MATERIA--NOMBRE DE PERSONA | |
| Nombre de persona | Maximiliano |
| Títulos y otros términos asociados al nombre | Emperador de México. |
| 9 (RLIN) | 79303 |
| 651 #4 - PUNTO DE ACCESO ADICIONAL DE MATERIA--NOMBRE GEOGRÁFICO | |
| Nombre geográfico | México- |
| Subdivisión general | Historia- |
| Subdivisión cronológica | 1861-1867, Intervención europea. |
| 9 (RLIN) | 146885 |
| 852 ## - LOCALIZACIÓN | |
| Ubicación | ES-MaACL |
| Número de control de estantería | F-1263 |
| Nota libre | -- Enc. hol. |
| 856 ## - LOCALIZACIÓN Y ACCESO ELECTRÓNICOS | |
| Identificador Uniforme de Recursos | <a href="http://bdh-rd.bne.es/viewer.vm?id=0000121638&page=1 ">http://bdh-rd.bne.es/viewer.vm?id=0000121638&page=1 </a> |
| Nota pública | Biblioteca Digital Hispánica |
| Estatus retirado | Estado de pérdida | Estado de daño | No para préstamo | Colección | Biblioteca de origen | Biblioteca actual | Ubicación en estantería | Fecha de adquisición | Fuente de adquisición | Total de préstamos | Signatura topográfica completa | Código de barras | Visto por última vez | Precio de reemplazo | Tipo de ítem Koha |
|---|---|---|---|---|---|---|---|---|---|---|---|---|---|---|---|
| Colección digital | Biblioteca del Ateneo de Madrid | Biblioteca del Ateneo de Madrid | Depósito 2 | 17/01/2008 | F-1263 | 1174600 | 23/02/2023 | 23/02/2023 | Libro impreso antiguo |
